Guess The American Brands! #23 - Statistics

General Stats
  • This quiz has been taken 21 times
  • The average score is 10 of 24
Answer Stats
Picture Answer % Correct
Mickey Mouse
89%
Call Of Duty
83%
Next
83%
Google Drive
56%
MGM
56%
Supreme
56%
Bratz
50%
Comedy Central
50%
Allstate
44%
Chef Boyardee
44%
Maxwell House
44%
Post
44%
Punisher
44%
Miramax
39%
Max Payne
28%
Quicktime
28%
Burton
17%
Continental Airlines
17%
Diners Club
17%
Office
17%
US Open
17%
Pimp My Slide
11%
Second Life
11%
Windows Phone
11%
No matching quizzes found
Score Distribution
Percent of People with Each Score
Percentile by Number Answered
Your Score History
You have not taken this quiz